World tariff profiles 2011.
| Corporate Author: | |
|---|---|
| Format: | Book |
| Published: |
Geneva:
World Trade Organization (WTO),
2011.
|
| Subjects: |
| LEADER | 00418cam a2200145 7i4500 | ||
|---|---|---|---|
| 001 | 0000027668 | ||
| 005 | 20120515090000.0 | ||
| 020 | 0 | 0 | |a 9789287037923 |
| 090 | 0 | 0 | |a T 382.7 |b WOR |
| 110 | 2 | 0 | |a The World Trade Organization (WTO) |
| 245 | 2 | 0 | |a World tariff profiles 2011. |
| 260 | 0 | 0 | |a Geneva: |b World Trade Organization (WTO), |c 2011. |
| 300 | # | # | |a 189 p. |
| 650 | 0 | 0 | |a Tariff |
| 999 | |a B000030252 |b Book |c Tariffs |e Business Information Centre | ||


